[Event "BL 0506 SK Zehlendorf - Godesberger SK"]
[Site "?"]
[Date "2006.01.28"]
[Round "8.5"]
[White "Langheinrich, Ferenc"]
[Black "Heinig, Wolfram Dr"]
[Result "1-0"]
[WhiteElo "2391"]
[BlackElo "2338"]
[PlyCount "91"]
[EventDate "2006.??.??"]

1. e4 c6 2. d4 d5 3. Nc3 dxe4 4. Nxe4 Bf5 5. Nc5 b6 6. Nb3 e6 7. Nf3 Nd7 8. g3
Ngf6 9. Bg2 Rc8 10. O-O Be7 11. Qe2 O-O 12. Rd1 Qc7 13. c4 Bd6 14. h3 h6 15.
Be3 Rfe8 16. Rac1 e5 17. c5 bxc5 18. dxc5 Bf8 19. Nfd2 Nd5 20. Nc4 N7f6 21. Qe1
Nf4 22. gxf4 exf4 23. Nd6 Bxd6 24. cxd6 Qd8 25. Nd4 Bd7 26. Nxc6 Bxc6 27. Bxc6
Re6 28. Bxf4 Rxe1+ 29. Rxe1 Qa5 30. d7 Nxd7 31. Bxd7 Rxc1 32. Rxc1 Qxa2 33. Be5
f6 34. Bg3 h5 35. h4 Qxb2 36. Be6+ Kh7 37. Bf5+ Kh6 38. Rc8 g6 39. Bf4+ Kg7 40.
Rc7+ Kf8 41. Bxg6 Qa1+ 42. Kg2 Qa6 43. Bh6+ Kg8 44. Rg7+ Kh8 45. Rf7 Qc6+ 46.
f3 1-0

[Event "BL 0506 SK Zehlendorf - Godesberger SK"]
[Site "?"]
[Date "2006.01.28"]
[Round "8.6"]
[White "Klimm, Wolf-Dietrich"]
[Black "Grafl, Florian"]
[Result "1/2-1/2"]
[WhiteElo "2287"]
[BlackElo "2413"]
[PlyCount "113"]
[EventDate "2006.??.??"]

1. d4 f5 2. g3 Nf6 3. Bg2 g6 4. Nf3 Bg7 5. c4 O-O 6. O-O d6 7. Nc3 Qe8 8. d5
Na6 9. Rb1 c5 10. dxc6 bxc6 11. b4 Bd7 12. b5 cxb5 13. cxb5 Nc5 14. a4 Rc8 15.
Nd4 Nfe4 16. Nxe4 Nxe4 17. Bb2 Qf7 18. e3 Qa2 19. Nc6 Bxc6 20. Bxg7 Kxg7 21.
bxc6 Rxc6 22. Qd4+ e5 23. Qxa7+ Rf7 24. Rb7 Rc5 25. a5 Rxb7 26. Qxb7+ Qf7 27.
Bxe4 fxe4 28. Qxe4 Rxa5 29. Rb1 Ra7 30. Qc6 Qe6 31. e4 Rf7 32. Rb2 g5 33. Rb7
h5 34. Rxf7+ Kxf7 35. Qb7+ Kg6 36. Kg2 h4 37. h3 g4 38. hxg4 Qxg4 39. Qd5 hxg3
40. Qxd6+ Kh7 41. Qe7+ Kh6 42. Qf6+ Kh7 43. Qxe5 gxf2+ 44. Kxf2 Kg6 45. Ke3 Kf7
46. Qc7+ Ke8 47. Qc6+ Ke7 48. Qc5+ Ke8 49. Qe5+ Kf7 50. Qd5+ Ke7 51. Qb7+ Qd7
52. Qb8 Qg4 53. Qb4+ Ke8 54. Qb5+ Ke7 55. Qc5+ Ke8 56. Qc6+ Ke7 57. Qc7+
1/2-1/2

[Event "BL 0506 SK Zehlendorf - Godesberger SK"]
[Site "?"]
[Date "2006.01.28"]
[Round "8.8"]
[White "Brustkern, Juergen"]
[Black "Armbruster, Alexander"]
[Result "1/2-1/2"]
[WhiteElo "2236"]
[BlackElo "2376"]
[PlyCount "45"]
[EventDate "2006.??.??"]

1. d4 d6 2. e4 Nf6 3. Nc3 g6 4. Be3 c6 5. Qd2 Nbd7 6. f3 b5 7. a4 b4 8. Na2 a5
9. c3 bxc3 10. Nxc3 Bg7 11. Nh3 O-O 12. Bd3 Nb6 13. Nf2 Nfd7 14. O-O c5 15. Bb5
cxd4 16. Bxd4 Ne5 17. b3 Bd7 18. Qe3 Rb8 19. f4 Bh6 20. Qg3 Nc6 21. Bxc6 Bxc6
22. f5 Nd7 23. Ng4 1/2-1/2

[Event "BL 0506 Leipzig Gohlis - SG Köln Porz"]
[Site "?"]
[Date "2006.01.28"]
[Round "8.1"]
[White "Lutz, Christopher"]
[Black "Vogt, Lothar"]
[Result "1-0"]
[WhiteElo "2609"]
[BlackElo "2484"]
[PlyCount "77"]
[EventDate "2006.??.??"]

1. e4 c5 2. Nf3 d6 3. d4 cxd4 4. Nxd4 Nf6 5. Nc3 e6 6. Be3 Be7 7. f4 Nc6 8. Qf3
e5 9. Nxc6 bxc6 10. f5 d5 11. exd5 cxd5 12. O-O-O Bb7 13. Bc4 Qc7 14. Bxd5 Nxd5
15. Nxd5 Bxd5 16. Qxd5 Rb8 17. Rd3 O-O 18. Qd7 Rfc8 19. Qxc7 Rxc7 20. Rhd1 f6
21. Rd7 Rbb7 22. Rxc7 Rxc7 23. Rd5 a6 24. b3 g6 25. g4 h5 26. h3 hxg4 27. hxg4
gxf5 28. gxf5 Bb4 29. Rd8+ Kf7 30. c4 Ke7 31. Ra8 Rd7 32. Kc2 a5 33. a3 Be1 34.
Rg8 Kd6 35. Rg1 Bh4 36. Rd1+ Kc6 37. Rxd7 Kxd7 38. Kd3 Be1 39. c5 1-0

[Event "BL 0506 Leipzig Gohlis - SG Köln Porz"]
[Site "?"]
[Date "2006.01.28"]
[Round "8.4"]
[White "Zesch, Ludwig"]
[Black "Graf, Alexander"]
[Result "0-1"]
[WhiteElo "2292"]
[BlackElo "2613"]
[PlyCount "80"]
[EventDate "2006.??.??"]

1. e4 g6 2. d4 Bg7 3. Nc3 d6 4. Nf3 Nf6 5. Be2 O-O 6. O-O a6 7. a4 b6 8. Be3
Bb7 9. Nd2 e6 10. Re1 Nbd7 11. Bf3 Rb8 12. Bg5 h6 13. Be3 Re8 14. Qe2 e5 15. d5
Nh7 16. g3 f5 17. Bg2 Ndf6 18. Qd3 Bc8 19. f3 h5 20. Na2 a5 21. b4 h4 22. c4
hxg3 23. hxg3 f4 24. gxf4 Nh5 25. f5 gxf5 26. exf5 Rf8 27. Nc3 Bxf5 28. Nce4
axb4 29. Reb1 Nf4 30. Qf1 Ng5 31. Ng3 Bd3 32. Qe1 Qd7 33. Bf1 Bxb1 34. Rxb1
Qxa4 35. Nge4 Rf5 36. Qh4 Nxe4 37. Nxe4 Qe8 38. Ng3 Qg6 39. Kf2 Rf7 40. Ne4
Rbf8 0-1

[Event "BL 0506 Leipzig Gohlis - SG Köln Porz"]
[Site "?"]
[Date "2006.01.28"]
[Round "8.5"]
[White "Hansen, Curt"]
[Black "Fischer, Johannes"]
[Result "1-0"]
[WhiteElo "2607"]
[BlackElo "2285"]
[PlyCount "71"]
[EventDate "2006.??.??"]

1. d4 Nf6 2. c4 g6 3. Nc3 Bg7 4. e4 d6 5. Nf3 O-O 6. Be2 e5 7. O-O Na6 8. d5
Nc5 9. Qc2 a5 10. Bg5 h6 11. Be3 Ng4 12. Bxc5 dxc5 13. h3 Nf6 14. Nxe5 Nxd5 15.
cxd5 Bxe5 16. f4 Bd4+ 17. Kh2 g5 18. Nb5 Be3 19. fxg5 Bd7 20. Rf3 Bxg5 21. Raf1
Bxb5 22. Bxb5 Qe7 23. Rg3 Kh8 24. Rf5 Rg8 25. e5 Rg7 26. Qc3 Rag8 27. Kh1 b6
28. Be2 Bh4 29. Rxg7 Rxg7 30. Bh5 Kg8 31. Qf3 b5 32. e6 f6 33. Bf7+ Kh8 34. d6
Qxd6 35. Qa8+ Kh7 36. Qe4 1-0

[Event "BL 0506 Leipzig Gohlis - SG Köln Porz"]
[Site "?"]
[Date "2006.01.28"]
[Round "8.6"]
[White "Hoffmann, Hendrik"]
[Black "Van den Doel, Erik"]
[Result "0-1"]
[WhiteElo "2288"]
[BlackElo "2582"]
[PlyCount "84"]
[EventDate "2006.??.??"]

1. e4 e5 2. Nf3 Nc6 3. Nc3 Nf6 4. d4 exd4 5. Nxd4 Bc5 6. Be3 Bb6 7. Nxc6 bxc6
8. e5 Bxe3 9. fxe3 Nd5 10. Nxd5 cxd5 11. Qxd5 Qh4+ 12. Kd1 Rb8 13. Bc4 O-O 14.
Qd4 Qh5+ 15. Kd2 Bb7 16. Rhf1 Qxh2 17. Rf2 d5 18. exd6 Rbd8 19. Qf4 Rxd6+ 20.
Ke2 Qh5+ 21. g4 Qg6 22. Bd3 Ba6 23. Qf5 Qh6 24. Qh5 Bxd3+ 25. cxd3 Qe6 26. Qf5
Qe7 27. Rh1 h6 28. Rhf1 Rb6 29. b3 Qa3 30. Kd1 Rc6 31. d4 Rc1+ 32. Ke2 Qxa2+
33. Kf3 Rxf1 34. Rxf1 Qxb3 35. d5 Rd8 36. Rb1 Qxd5+ 37. Qxd5 Rxd5 38. Rb8+ Kh7
39. Rb7 a5 40. Rxc7 f6 41. Kf4 Kg8 42. Ra7 Rg5 0-1

[Event "BL 0506 Leipzig Gohlis - SG Köln Porz"]
[Site "?"]
[Date "2006.01.28"]
[Round "8.7"]
[White "Andersson, Ulf"]
[Black "Schunk, Thomas"]
[Result "1-0"]
[WhiteElo "2565"]
[BlackElo "2315"]
[PlyCount "75"]
[EventDate "2006.??.??"]

1. Nf3 c5 2. c4 Nc6 3. d4 cxd4 4. Nxd4 g6 5. e4 Bg7 6. Be3 Nf6 7. Nc3 d6 8. Be2
O-O 9. O-O Bd7 10. Qd2 Nxd4 11. Bxd4 Bc6 12. f3 Qd7 13. b4 b6 14. a4 Rfd8 15.
a5 bxa5 16. Rxa5 Qb7 17. b5 Be8 18. Rfa1 e6 19. Rxa7 Rxa7 20. Rxa7 Qb8 21. Ra2
Rc8 22. Bf1 h5 23. Nd1 h4 24. Nf2 Bd7 25. Ra6 e5 26. Ba7 Qb7 27. Be3 Be6 28.
Rxd6 Bxc4 29. Rd8+ Kh7 30. Rxc8 Qxc8 31. Qc1 Be6 32. Qxc8 Bxc8 33. Bc4 Kg8 34.
Nd3 Ne8 35. b6 Nd6 36. Bd5 Nb7 37. Bxb7 Bxb7 38. Nc5 1-0

[Event "BL 0506 Leipzig Gohlis - SG Köln Porz"]
[Site "?"]
[Date "2006.01.28"]
[Round "8.8"]
[White "Natsidis, Christoph"]
[Black "Kengis, Edwin"]
[Result "0-1"]
[WhiteElo "2133"]
[BlackElo "2528"]
[PlyCount "80"]
[EventDate "2006.??.??"]

1. e4 c5 2. d3 g6 3. g3 Bg7 4. Bg2 e6 5. f4 Ne7 6. Nf3 Nbc6 7. c3 d5 8. O-O O-O
9. e5 d4 10. c4 Nf5 11. Qe2 f6 12. g4 Ne3 13. Bxe3 dxe3 14. Qxe3 fxe5 15. fxe5
Nb4 16. Na3 Bd7 17. Rad1 Qb6 18. h4 Nc6 19. Rd2 Nd4 20. Nxd4 cxd4 21. Qg3 Rxf1+
22. Kxf1 Rf8+ 23. Kg1 Rf7 24. Re2 Be8 25. b3 Qa5 26. Nb1 b5 27. cxb5 Bxb5 28.
Be4 Qc7 29. Bg2 Qc1+ 30. Re1 Qb2 31. a4 Bxd3 32. Na3 Be2 33. Nc4 Bxc4 34. bxc4
d3 35. Rd1 Bxe5 36. Qxd3 Qf2+ 37. Kh1 Qxh4+ 38. Qh3 Qg5 39. c5 Rf4 40. Kg1 Bd4+
0-1

[Event "BL 0506 SV Mülheim Nord - Hamburger SK"]
[Site "?"]
[Date "2006.01.28"]
[Round "8.1"]
[White "Gustafsson, Jan"]
[Black "Tregubov, Pavel V"]
[Result "0-1"]
[WhiteElo "2615"]
[BlackElo "2583"]
[PlyCount "86"]
[EventDate "2006.??.??"]

1. Nf3 d5 2. d4 c6 3. Bf4 Qb6 4. Qc1 Nf6 5. e3 Bf5 6. Nbd2 e6 7. Be2 Nbd7 8. h3
Be7 9. O-O O-O 10. Nh4 Be4 11. f3 Bg6 12. Nxg6 hxg6 13. c3 e5 14. Bg5 Rfe8 15.
Re1 c5 16. dxe5 Nxe5 17. f4 Nc6 18. Bf3 Rad8 19. Bxf6 Bxf6 20. Kh2 g5 21. Qc2
c4 22. e4 gxf4 23. exd5 Ne5 24. Re2 Qb5 25. Be4 Bh4 26. Kh1 Nd3 27. Nxc4 Nf2+
28. Rxf2 Bxf2 29. b3 Qc5 30. a4 Bg3 31. Qd3 Qf2 32. d6 f3 33. Qxf3 Qxf3 34.
gxf3 Bxd6 35. Bxb7 Be5 36. Rc1 Bf4 37. Rb1 Rd3 38. Na3 Rxc3 39. Nb5 Rce3 40.
Be4 a5 41. b4 axb4 42. a5 Re5 43. a6 R3xe4 0-1

[Event "BL 0506 SV Mülheim Nord - Hamburger SK"]
[Site "?"]
[Date "2006.01.28"]
[Round "8.2"]
[White "Landa, Konstantin"]
[Black "Ftacnik, Lubomir"]
[Result "1-0"]
[WhiteElo "2600"]
[BlackElo "2612"]
[PlyCount "89"]
[EventDate "2006.??.??"]

1. e4 c5 2. Nc3 d6 3. Nf3 Nf6 4. d4 cxd4 5. Nxd4 a6 6. Be3 e5 7. Nf3 Be7 8. Bc4
Be6 9. Bb3 O-O 10. O-O b5 11. a3 Nc6 12. Bg5 Na5 13. Bxf6 Bxf6 14. Ba2 Nc4 15.
Rb1 Rc8 16. Nd5 Bxd5 17. Qxd5 Qe7 18. Nd2 Rc5 19. Qd3 Nxd2 20. Qxd2 Rfc8 21. c3
Qc7 22. Rbd1 Rd8 23. Bd5 h6 24. Qe2 g6 25. Rd3 Qa7 26. Rfd1 Kg7 27. g3 Rc7 28.
Kg2 Qb6 29. Bb3 a5 30. h4 h5 31. g4 hxg4 32. Qxg4 Qc6 33. h5 Qd7 34. Qg3 Qe7
35. Rf3 Bh4 36. h6+ Kh7 37. Qg4 Qg5 38. Kh3 Qxg4+ 39. Kxg4 g5 40. Rf6 b4 41.
cxb4 axb4 42. Bxf7 bxa3 43. bxa3 Rc2 44. Be6 Bxf2 45. Rb1 1-0

[Event "BL 0506 SV Mülheim Nord - Hamburger SK"]
[Site "?"]
[Date "2006.01.28"]
[Round "8.3"]
[White "Kempinski, Robert"]
[Black "Golod, Vitali"]
[Result "1/2-1/2"]
[WhiteElo "2619"]
[BlackElo "2578"]
[PlyCount "50"]
[EventDate "2006.??.??"]

1. d4 Nf6 2. c4 e6 3. Nf3 d5 4. Nc3 dxc4 5. e3 a6 6. Bxc4 b5 7. Bd3 Bb7 8. O-O
Nbd7 9. e4 c5 10. e5 Nd5 11. Ne4 cxd4 12. a4 Nb4 13. Bg5 Qb8 14. Re1 Nc5 15.
Nxc5 Bxc5 16. axb5 O-O 17. bxa6 Bxa6 18. Bxa6 Rxa6 19. Rxa6 Nxa6 20. Qd3 Nb4
21. Qc4 Rc8 22. Rc1 Nd5 23. Qa6 Nb4 24. Qc4 Nd5 25. Qa6 Nb4 1/2-1/2

[Event "BL 0506 SV Mülheim Nord - Hamburger SK"]
[Site "?"]
[Date "2006.01.28"]
[Round "8.5"]
[White "Reeh, Oliver"]
[Black "Levin, Felix"]
[Result "1/2-1/2"]
[WhiteElo "2449"]
[BlackElo "2506"]
[PlyCount "153"]
[EventDate "2006.??.??"]

1. e4 e5 2. Nf3 Nc6 3. Bb5 a6 4. Ba4 Nf6 5. d3 d6 6. c3 g6 7. Nbd2 Bg7 8. Nf1
O-O 9. Ng3 b5 10. Bc2 Bb7 11. O-O Re8 12. a3 Nb8 13. b4 Nbd7 14. Bb3 d5 15. Re1
h6 16. Bd2 c5 17. exd5 Nxd5 18. Ne4 Qc7 19. bxc5 Nxc5 20. Nxc5 Qxc5 21. Qc1 g5
22. h3 Rac8 23. c4 bxc4 24. Bxc4 e4 25. Rb1 Ba8 26. dxe4 Qxc4 27. Qxc4 Rxc4 28.
exd5 Rxe1+ 29. Rxe1 Bxd5 30. Bb4 Bf6 31. Ne5 Rc8 32. Nd7 Bd4 33. Rd1 Rc4 34.
Nf6+ Bxf6 35. Rxd5 Rc1+ 36. Kh2 Rc2 37. f3 h5 38. Rd2 Rc1 39. g3 Be5 40. Kg2 f6
41. Bd6 Bc3 42. Re2 Rd1 43. Bb4 Be5 44. Rd2 Ra1 45. Bd6 Kf7 46. Bxe5 fxe5 47.
Rd5 Ra2+ 48. Kg1 Rxa3 49. Rxe5 Kf6 50. Rc5 Rxf3 51. Ra5 Rxg3+ 52. Kh2 Re3 53.
Rxa6+ Kf5 54. Kg2 h4 55. Ra2 Kf4 56. Ra4+ Re4 57. Ra2 Rd4 58. Rf2+ Ke4 59. Re2+
Kf5 60. Rf2+ Ke5 61. Ra2 Re4 62. Ra5+ Kf4 63. Ra2 Rb4 64. Rf2+ Ke5 65. Re2+ Re4
66. Ra2 Re3 67. Ra5+ Kf4 68. Ra4+ Re4 69. Ra2 Rd4 70. Rf2+ Ke5 71. Re2+ Re4 72.
Ra2 Re3 73. Ra5+ Kf4 74. Ra4+ Re4 75. Ra2 Re5 76. Ra4+ Kf5 77. Ra2 1/2-1/2

[Event "BL 0506 SV Mülheim Nord - Hamburger SK"]
[Site "?"]
[Date "2006.01.28"]
[Round "8.7"]
[White "Van Delft, Merijn"]
[Black "Saltaev, Mihail"]
[Result "1/2-1/2"]
[WhiteElo "2385"]
[BlackElo "2498"]
[PlyCount "60"]
[EventDate "2006.??.??"]

1. e4 c6 2. d4 d5 3. Nd2 dxe4 4. Nxe4 Bf5 5. Ng3 Bg6 6. h4 h6 7. Nf3 Nd7 8. h5
Bh7 9. Bd3 Bxd3 10. Qxd3 e6 11. Bf4 Qa5+ 12. Bd2 Bb4 13. c3 Be7 14. c4 Qc7 15.
O-O-O Ngf6 16. Kb1 O-O 17. Rhe1 Rad8 18. Qe2 b5 19. c5 Rfe8 20. Bc1 Bf8 21. Rd3
a5 22. Re3 Nd5 23. Re4 a4 24. Bd2 Be7 25. Rg4 N7f6 26. Rh4 Nh7 27. Rhh1 a3 28.
b3 Bg5 29. Ne4 Bxd2 30. Qxd2 Nhf6 1/2-1/2

[Event "BL 0506 SF Katernberg - Werder Bremen"]
[Site "?"]
[Date "2006.01.28"]
[Round "8.3"]
[White "Babula, Vlastimil"]
[Black "Kritz, Leonid"]
[Result "1/2-1/2"]
[WhiteElo "2593"]
[BlackElo "2545"]
[PlyCount "81"]
[EventDate "2006.??.??"]

1. d4 d5 2. c4 c6 3. Nf3 Nf6 4. Nc3 a6 5. a4 e6 6. Bf4 a5 7. e3 Na6 8. Be2 Be7
9. h3 Nb4 10. O-O O-O 11. Rc1 b6 12. Ne5 Nd7 13. Nxd7 Qxd7 14. e4 dxc4 15. Bxc4
Ba6 16. b3 Rfd8 17. Be3 Qb7 18. Qe2 Rab8 19. Bxa6 Qxa6 20. Qxa6 Nxa6 21. Rfd1
Nb4 22. Rd2 Kf8 23. Na2 Rbc8 24. Nxb4 Bxb4 25. Rdc2 Ba3 26. Ra1 Bb4 27. Rac1
Ba3 28. Rd1 Bb4 29. Kf1 Ke7 30. Ke2 Kd7 31. Bf4 Bd6 32. Bxd6 Kxd6 33. Rdc1 Rc7
34. Rc4 Rb8 35. R1c3 Rbc8 36. b4 axb4 37. Rxb4 Rb7 38. Kd3 Ra8 39. Rbc4 c5 40.
dxc5+ bxc5 41. Rxc5 {Kd5} 1/2-1/2

[Event "BL 0506 SF Katernberg - Werder Bremen"]
[Site "?"]
[Date "2006.01.28"]
[Round "8.4"]
[White "Chuchelov, Vladimir"]
[Black "Nyback, Tomi"]
[Result "1/2-1/2"]
[WhiteElo "2534"]
[BlackElo "2563"]
[PlyCount "75"]
[EventDate "2006.??.??"]

1. c4 Nf6 2. Nc3 e5 3. Nf3 Nc6 4. e3 Bb4 5. Qc2 Bxc3 6. Qxc3 Qe7 7. a3 a5 8. b3
d5 9. d4 exd4 10. Nxd4 Nxd4 11. Qxd4 c5 12. Qb2 O-O 13. Be2 Be6 14. O-O a4 15.
cxd5 Nxd5 16. bxa4 Rxa4 17. Qc2 Rfa8 18. Bb2 c4 19. Rab1 b5 20. Rfd1 Rd8 21.
Bf3 Ra6 22. Bd4 Rxa3 23. Rxb5 Nb4 24. Qe4 Nd3 25. Be2 Ra2 26. Bxd3 cxd3 27.
Qxd3 Qh4 28. Rf1 h6 29. Qc3 Rc8 30. Rc5 Rxc5 31. Qxc5 Qe4 32. Qc7 Kh7 33. Qg3
Qg6 34. Qe5 Rc2 35. h4 Bc4 36. h5 Qg4 37. Ra1 f6 38. Qe4+ 1/2-1/2

[Event "BL 0506 SF Katernberg - Werder Bremen"]
[Site "?"]
[Date "2006.01.28"]
[Round "8.5"]
[White "Fish, Gennadij"]
[Black "Smagin, Sergey"]
[Result "1/2-1/2"]
[WhiteElo "2550"]
[BlackElo "2565"]
[PlyCount "73"]
[EventDate "2006.??.??"]

1. d4 d5 2. c4 e6 3. Nc3 Nf6 4. Bg5 Nbd7 5. cxd5 exd5 6. e3 c6 7. Bd3 Be7 8.
Qc2 Nh5 9. Bxe7 Qxe7 10. Nge2 g6 11. O-O-O Nb6 12. Kb1 Ng7 13. Ng3 Be6 14. h4
h5 15. f4 O-O-O 16. Qf2 Bg4 17. f5 Rhe8 18. Rde1 Qf6 19. Rhf1 Qxh4 20. fxg6
fxg6 21. Bxg6 Re6 22. Bd3 Qg5 23. e4 Nc4 24. Bxc4 dxc4 25. d5 cxd5 26. Qxa7 Ra6
27. Qc5+ Rc6 28. Qa5 Ra6 29. Qc5+ Rc6 30. Qb5 Be6 31. exd5 Bxd5 32. Ka1 Ne6 33.
Nge4 Bxe4 34. Qxg5 Nxg5 35. Nxe4 Nxe4 36. Rxe4 Rd2 37. Rh4 1/2-1/2

[Event "BL 0506 SF Katernberg - Werder Bremen"]
[Site "?"]
[Date "2006.01.28"]
[Round "8.6"]
[White "Senff, Martin"]
[Black "Schandorff, Lars"]
[Result "1/2-1/2"]
[WhiteElo "2469"]
[BlackElo "2517"]
[PlyCount "71"]
[EventDate "2006.??.??"]

1. e4 c6 2. d4 d5 3. Nc3 dxe4 4. Nxe4 Bf5 5. Ng3 Bg6 6. Nf3 Nd7 7. Bd3 Ngf6 8.
O-O e6 9. b3 Bd6 10. Bb2 Qc7 11. c4 O-O 12. Bxg6 hxg6 13. Qe2 a5 14. Ne4 Nxe4
15. Qxe4 Rfe8 16. Rad1 a4 17. Qh4 Be7 18. Ng5 Bxg5 19. Qxg5 axb3 20. axb3 Ra2
21. Bc1 Nf6 22. Bf4 Qa5 23. Be5 Nd7 24. Qe3 Qb4 25. h4 Rc2 26. Rd3 b5 27. c5
Qa5 28. Qf4 Nxe5 29. dxe5 b4 30. h5 gxh5 31. Rg3 Qxc5 32. Rd1 Rc3 33. Rxg7+
Kxg7 34. Qg5+ Kf8 35. Qh6+ Kg8 36. Qg5+ 1/2-1/2

[Event "BL 0506 SF Katernberg - Werder Bremen"]
[Site "?"]
[Date "2006.01.28"]
[Round "8.7"]
[White "Knaak, Rainer"]
[Black "Souleidis, Georgios"]
[Result "1-0"]
[WhiteElo "2487"]
[BlackElo "2421"]
[PlyCount "141"]
[EventDate "2006.??.??"]

1. d4 d5 2. c4 dxc4 3. e3 e6 4. Bxc4 Nf6 5. Nf3 a6 6. O-O c5 7. dxc5 Bxc5 8.
Qxd8+ Kxd8 9. b3 Ke7 10. Bb2 Rd8 11. Be2 Nbd7 12. Nbd2 b6 13. Ne1 Kf8 14. Nd3
Be7 15. Bf3 Rb8 16. Ne5 Nxe5 17. Bxe5 Bd6 18. Bxd6+ Rxd6 19. Nc4 Rd8 20. Rfd1
Rxd1+ 21. Rxd1 Nd7 22. b4 Ke7 23. Bc6 b5 24. Na5 Ne5 25. Rc1 Rb6 26. f4 Nxc6
27. Nxc6+ Kd6 28. Nd8 Bd7 29. Nxf7+ Ke7 30. Ne5 Rb7 31. Kf2 Ra7 32. Kf3 Be8 33.
Rc3 a5 34. Ra3 a4 35. Rc3 Ra8 36. g4 Rd8 37. Ke2 h6 38. Nf3 Kf6 39. Rc5 g6 40.
g5+ hxg5 41. Nxg5 a3 42. Ne4+ Ke7 43. h4 Ra8 44. Nc3 Bd7 45. Kd3 Rb8 46. Kc2
Rh8 47. Nxb5 Rb8 48. Nxa3 Rxb4 49. Nc4 Ba4+ 50. Kc3 Rb1 51. Ne5 Be8 52. Rc7+
Kd6 53. Rg7 Re1 54. Kd3 Kd5 55. Rb7 Rd1+ 56. Ke2 Ra1 57. Rb8 Ba4 58. Rd8+ Kc5
59. Rd2 Be8 60. Kf3 Rh1 61. Rd8 Bb5 62. Kg3 Re1 63. Nd3+ Bxd3 64. Rxd3 Rg1+ 65.
Kf3 Rh1 66. Ke4 Rxh4 67. Ke5 Rh6 68. Kxe6 g5+ 69. Kf5 gxf4 70. exf4 Rh8 71. Ke4
1-0

[Event "BL 0506 SF Katernberg - Werder Bremen"]
[Site "?"]
[Date "2006.01.28"]
[Round "8.8"]
[White "Thesing, Matthias"]
[Black "Steingrimsson, Hedinn"]
[Result "1/2-1/2"]
[WhiteElo "2413"]
[BlackElo "2435"]
[PlyCount "101"]
[EventDate "2006.??.??"]

1. e4 c5 2. Nc3 d6 3. f4 g6 4. Nf3 Bg7 5. Bc4 Nc6 6. O-O Nf6 7. d3 O-O 8. f5 e6
9. fxg6 fxg6 10. e5 dxe5 11. a3 h6 12. Be3 b6 13. Nd2 Nd4 14. Nde4 Bb7 15.
Nxf6+ Rxf6 16. Rxf6 Qxf6 17. Ne4 Bxe4 18. dxe4 Rd8 19. c3 Nf5 20. Qf3 Nxe3 21.
Qxe3 Rd6 22. Rf1 Qe7 23. Qf3 h5 24. Rd1 Rxd1+ 25. Qxd1 Bh6 26. g3 Kg7 27. Kg2
Be3 28. Kf3 Bh6 29. Kg2 Qb7 30. Qe2 Qd7 31. b3 Bd2 32. Qd3 Qxd3 33. Bxd3 Bxc3
34. a4 Kf6 35. Bc4 Ke7 36. Kf3 Bd2 37. h3 Kd6 38. Ke2 Bc1 39. Bb5 Ke7 40. Kf3
Bh6 41. Ke2 Bg5 42. Kf3 Bc1 43. Ke2 Bb2 44. Kf3 Bc3 45. Ke2 Ba5 46. Kf3 Be1 47.
Bc4 Kd6 48. Bb5 g5 49. g4 h4 50. Ke2 Bg3 51. Kd3 {Kd5} 1/2-1/2

[Event "BL 0506 SK Zehlendorf - Leipzig Gohlis"]
[Site "?"]
[Date "2006.01.28"]
[Round "7.2"]
[White "Maksimenko, Andrei"]
[Black "Voigt, Roland"]
[Result "1-0"]
[WhiteElo "2501"]
[BlackElo "2384"]
[PlyCount "71"]
[EventDate "2006.??.??"]

1. d4 Nf6 2. c4 g6 3. Nc3 Bg7 4. e4 d6 5. Be2 O-O 6. Bg5 Nbd7 7. Qd2 e5 8. d5
a5 9. h4 Nc5 10. f3 Qd7 11. g4 Ne8 12. h5 f6 13. Be3 Rf7 14. Nh3 g5 15. Nf2 Bf8
16. O-O Na6 17. a3 c5 18. b4 Qd8 19. Nd3 b6 20. bxa5 bxa5 21. Rfb1 Rfa7 22. Bd1
Nac7 23. Ba4 Ba6 24. Qa2 Be7 25. Bc6 Rb8 26. Rxb8 Qxb8 27. Rb1 Qd8 28. Nb5 Bxb5
29. cxb5 Na8 30. b6 Ra6 31. b7 Nb6 32. Nxc5 dxc5 33. d6+ Kf8 34. dxe7+ Kxe7 35.
Bxc5+ Nd6 36. Qf2 1-0

[Event "BL 0506 SK Zehlendorf - Leipzig Gohlis"]
[Site "?"]
[Date "2006.01.28"]
[Round "7.3"]
[White "Roos, Michael"]
[Black "Werner, Dimo"]
[Result "0-1"]
[WhiteElo "2371"]
[BlackElo "2376"]
[PlyCount "74"]
[EventDate "2006.??.??"]

1. Nf3 Nf6 2. c4 d6 3. d4 c6 4. Nc3 Bg4 5. g3 Bxf3 6. exf3 g6 7. d5 Bg7 8. Be2
O-O 9. g4 Nbd7 10. g5 Ne8 11. f4 cxd5 12. cxd5 Rc8 13. Be3 Qa5 14. O-O Nb6 15.
Nb5 Nc4 16. Bxc4 Rxc4 17. a4 a6 18. Bd2 Qd8 19. Nc3 Rd4 20. Qe2 Qd7 21. Ra3 Nc7
22. Be3 Rb4 23. Rd1 Qf5 24. Ra2 Rc8 25. Kg2 Ne8 26. h3 Bxc3 27. bxc3 Rxc3 28.
Qd2 Rbc4 29. Rb2 Rc2 30. Rxc2 Rxc2 31. Qb4 Ng7 32. Qxb7 Qe4+ 33. Kg1 Nf5 34.
Qb8+ Kg7 35. Qb3 Re2 36. Qc3+ f6 37. Qd3 Re1+ 0-1

[Event "BL 0506 SK Zehlendorf - Leipzig Gohlis"]
[Site "?"]
[Date "2006.01.28"]
[Round "7.4"]
[White "Janz, Frerik"]
[Black "Zesch, Ludwig"]
[Result "0-1"]
[WhiteElo "2355"]
[BlackElo "2292"]
[PlyCount "75"]
[EventDate "2006.??.??"]

1. e4 c5 2. Nf3 g6 3. Bc4 Bg7 4. O-O Nc6 5. c3 Nf6 6. e5 Ng8 7. d4 cxd4 8. cxd4
d5 9. exd6 Qxd6 10. Qb3 Nd8 11. Nc3 Nf6 12. Nb5 Qb6 13. a4 Ne6 14. d5 Nc5 15.
Qe3 Na6 16. Qa3 O-O 17. Qxe7 Re8 18. Qa3 Bf8 19. d6 Be6 20. Bxe6 Rxe6 21. Ng5
Bxd6 22. Qf3 Re7 23. Nxd6 Qxd6 24. b4 Qc6 25. Qf4 Nh5 26. Qd2 Qd7 27. Qb2 Qf5
28. Ra3 Rae8 29. Rf3 Qd5 30. Bd2 h6 31. b5 Nc5 32. Nxf7 Rxf7 33. Rxf7 Qxf7 34.
Bxh6 Qf6 35. Qc2 b6 36. Be3 Qf5 37. Qc4+ Kh7 38. a5 0-1

[Event "BL 0506 SK Zehlendorf - Leipzig Gohlis"]
[Site "?"]
[Date "2006.01.28"]
[Round "7.5"]
[White "Fischer, Johannes"]
[Black "Klimm, Wolf-Dietrich"]
[Result "0-1"]
[WhiteElo "2285"]
[BlackElo "2287"]
[PlyCount "70"]
[EventDate "2006.??.??"]

1. e4 c5 2. Nf3 e6 3. d4 cxd4 4. Nxd4 a6 5. Bd3 g6 6. O-O Bg7 7. Nf3 Nc6 8. c4
Nge7 9. Nc3 O-O 10. Bf4 d5 11. e5 dxc4 12. Bxc4 Qa5 13. Ne4 Nxe5 14. Bxe5 Bxe5
15. b4 Qc7 16. Nxe5 Qxe5 17. Re1 Nc6 18. Qf3 Kg7 19. Rad1 Rd8 20. Rxd8 Nxd8 21.
Rd1 b5 22. Nd6 Bb7 23. Nxb7 bxc4 24. Nxd8 Rxd8 25. Rc1 Qb2 26. Qe3 Rd3 27. Qf4
Rd2 28. Qxc4 Rxf2 29. Qc6 Rxg2+ 30. Qxg2 Qxc1+ 31. Qf1 Qxf1+ 32. Kxf1 Kf6 33.
Ke2 Ke5 34. Kd3 Kd5 35. a4 e5 0-1

[Event "BL 0506 SK Zehlendorf - Leipzig Gohlis"]
[Site "?"]
[Date "2006.01.28"]
[Round "7.6"]
[White "Rahls, Peter"]
[Black "Hoffmann, Hendrik"]
[Result "0-1"]
[WhiteElo "2334"]
[BlackElo "2288"]
[PlyCount "84"]
[EventDate "2006.??.??"]

1. e4 c5 2. c3 Nf6 3. e5 Nd5 4. d4 cxd4 5. Nf3 Nc6 6. cxd4 d6 7. Bc4 e6 8. O-O
Be7 9. Qe2 Nb6 10. Bb3 O-O 11. Nc3 d5 12. Bf4 f5 13. exf6 Bxf6 14. Be5 Bxe5 15.
dxe5 Bd7 16. Rfe1 Be8 17. Qd2 Rxf3 18. gxf3 Bh5 19. Qf4 Qe7 20. Qg3 Rf8 21. f4
Qb4 22. Ne4 Nd4 23. Nf6+ Rxf6 24. exf6 g6 25. Re3 Nf5 26. Qh3 Qxf4 27. Rae1 Bg4
28. Qg2 Nxe3 29. fxe3 Qb4 30. Rc1 Kf7 31. e4 Qxe4 32. Qxe4 dxe4 33. Rc7+ Kxf6
34. Rxb7 Nd5 35. Rxa7 e3 36. Rxh7 e2 37. Kf2 Ne3 38. h3 Ng2 39. hxg4 e1=Q+ 40.
Kxg2 Qe2+ 41. Kg3 Kg5 42. Rf7 Qxb2 0-1

[Event "BL 0506 SK Zehlendorf - Leipzig Gohlis"]
[Site "?"]
[Date "2006.01.28"]
[Round "7.7"]
[White "Schunk, Thomas"]
[Black "Lieb, Harald"]
[Result "1-0"]
[WhiteElo "2315"]
[BlackElo "2236"]
[PlyCount "95"]
[EventDate "2006.??.??"]

1. c4 e5 2. g3 Nf6 3. Bg2 Nc6 4. Nc3 Bc5 5. e3 O-O 6. Nge2 Re8 7. O-O d6 8. h3
a6 9. a3 Bf5 10. d3 Qd7 11. Kh2 h6 12. b4 Ba7 13. Nd5 Nxd5 14. cxd5 Ne7 15. f4
exf4 16. gxf4 Bg6 17. e4 Bh5 18. Bf3 Bxf3 19. Rxf3 Kh7 20. Bb2 f5 21. Ng3 g6
22. Qb3 Rg8 23. Rc1 Raf8 24. Rc2 c6 25. dxc6 Nxc6 26. Qd5 Ne7 27. Qa2 d5 28.
Rf1 fxe4 29. dxe4 dxe4 30. Nxe4 Qf5 31. Re2 Bb8 32. Nf6+ Rxf6 33. Rxe7+ Rg7 34.
Rxg7+ Kxg7 35. Bxf6+ Kxf6 36. Qb2+ Kf7 37. Qb3+ Kf8 38. Qc4 Kg7 39. Qc3+ Kh7
40. Qf3 Qc2+ 41. Kh1 Qc7 42. Rd1 h5 43. Qe4 Kh6 44. Qd4 Qc8 45. Kg2 Qf8 46. Qd8
Qxf4 47. Qh8+ Kg5 48. Rd5+ 1-0